C programming using turbo C++ (Record no. 190624)

000 -LEADER
fixed length control field 00386 a2200169 4500
003 - CONTROL NUMBER IDENTIFIER
control field Nust
005 - DATE AND TIME OF LATEST TRANSACTION
control field 20170207153948.0
020 ## - INTERNATIONAL STANDARD BOOK NUMBER
International Standard Book Number 067222660x
040 ## - CATALOGING SOURCE
Transcribing agency Nust
082 ## - DEWEY DECIMAL CLASSIFICATION NUMBER
Classification number 005.133
100 ## - MAIN ENTRY--PERSONAL NAME
Personal name Lafore, Robert
245 ## - TITLE STATEMENT
Title C programming using turbo C++
Statement of responsibility, etc. Robert Lafore
260 ## - PUBLICATION, DISTRIBUTION, ETC.
Place of publication, distribution, etc. New York
Name of publisher, distributor, etc. SAMS
Date of publication, distribution, etc. 1990
300 ## - PHYSICAL DESCRIPTION
Extent xxi, 792p.
538 ## - SYSTEM DETAILS NOTE
System details note Almirah No 6 Shelf No 1
650 ## - SUBJECT ADDED ENTRY--TOPICAL TERM
Topical term or geographic name entry element C++
942 ## - ADDED ENTRY ELEMENTS (KOHA)
Source of classification or shelving scheme
Koha item type Book
Holdings
Withdrawn status Lost status Source of classification or shelving scheme Damaged status Not for loan Collection code Permanent Location Current Location Date acquired Total Checkouts Full call number Barcode Date last seen Price effective from Koha item type Total Renewals Date last checked out
            Central Library (CL) Central Library (CL) 09/26/2019 2 005.133 LAF SEECS001426 12/17/2024 09/26/2019 Book 1 09/23/2024
            Military College of Signals (MCS) Military College of Signals (MCS) 12/12/2016   005.133 LAF MCS36120 12/08/2016 12/12/2016 Book    
© 2023 Central Library, National University of Sciences and Technology. All Rights Reserved.